00433nam a22001457a 450000500170000001000130001702000180003003700320004808200170008010000190009724500490011626000490016527000430021430000300025720190919133149.0 aB-132100 a9780070587755 bTata McGraw-Hill Publishing a650.144bMAR aMartin, Carole aBoost your interview IQ/c by Carole Martine aNew DelhibTata McGraw-Hill Publishingc2005 a7, West Patel NagaraNew Delhia110008 axii, 1634p.c23 cm. (Pbk)